La privatización y el estado benefactor

Bibliographic Details
Main Authors: Kamerman, Sheila B., Kahn Alfred J.
Format: Section = Libro
Language:Undetermined
Spanish
Published: México Fondo de Cultura Económica 1993
Subjects:
LEADER 00585nam a2200205Ia 4500
008 240829s9999 xx 000 0 und d
020 |a 968-16-4085-3 
040 |a BIBLIOTECA-RUSB/ Ref 330 K15 
041 |a spa 
082 |a Ref 330 K15 
100 1 |a Kamerman, Sheila B.  
100 1 |b Kahn Alfred J. 
245 1 0 |a La privatización y el estado benefactor 
260 |a México  |b Fondo de Cultura Económica  |c 1993 
300 |a 317 p. :il. 
650 7 |a ECONOMIA-PRIVATIZACION 
650 7 |b  SERVICIOS SOCIALES GENERALES - PRIVATIZACION 
942 |c BK  |2 ddc 
991 |a TEXTO 
999 |c 5751